Apuntes de macreconomía básica (Registro nro. 860)
[ vista simple ]
| 000 -LEADER | |
|---|---|
| fixed length control field | 01013 a2200229 4500 |
| 001 - CONTROL NUMBER | |
| control field | 21726 |
| 005 - DATE AND TIME OF LATEST TRANSACTION | |
| control field | 20260407155508.0 |
| 008 - FIXED-LENGTH DATA ELEMENTS--GENERAL INFORMATION | |
| fixed length control field | 260407a2003 arg spa d |
| 003 - CONTROL NUMBER IDENTIFIER | |
| control field | AR-UNSa-BCEJYS |
| 040 ## - CATALOGING SOURCE | |
| Original cataloging agency | AR-UNSa-BCEJYS |
| Language of cataloging | spa |
| Transcribing agency | AR-UNSa-BCEJYS |
| 080 ## - UNIVERSAL DECIMAL CLASSIFICATION NUMBER | |
| Universal Decimal Classification number | 330.101.541 |
| Common auxiliary subdivision | Macroeconomía |
| 020 ## - INTERNATIONAL STANDARD BOOK NUMBER | |
| International Standard Book Number | 987-97527-1-6 |
| 041 ## - LANGUAGE CODE | |
| Language code of text/sound track or separate title | spa |
| 100 1# - MAIN ENTRY--PERSONAL NAME | |
| Personal name | Antonelli, Eduardo David |
| 245 10 - TITLE STATEMENT | |
| Title | Apuntes de macreconomía básica |
| 264 #1 - PRODUCTION, PUBLICATION, DISTRIBUTION, MANUFACTURE, AND COPYRIGHT NOTICE | |
| Place of production, publication, distribution, manufacture | Salta : |
| Name of producer, publisher, distributor, manufacturer | Ediciones Librería del Profesional |
| Date of production, publication, distribution, manufacture, or copyright notice | 2003 |
| 300 ## - PHYSICAL DESCRIPTION | |
| Extent | 118 p. |
| Dimensions | 29 cm. |
| 505 ## - FORMATTED CONTENTS NOTE | |
| Formatted contents note | 1. Conceptos básicos - 2. Contabilidad nacional - 3. El sector real - 4. El sector monetario - 5. El sector externo - 6. La demanda agregada - 7. La oferta agregada - 8. El equilibrio general de la economía - 9. Problemas de políticas económica I - 10. Problemas de política económica II - 11. Glosario<br/> |
| 590 ## - LOCAL NOTE (RLIN) | |
| Local note | niveau_biblio:m niveau_hierar:0 |
| 856 41 - ELECTRONIC LOCATION AND ACCESS | |
| Uniform Resource Identifier | <a href="https://biblioeco.unsa.edu.ar/pmb/images/libros/L128940.jpg">https://biblioeco.unsa.edu.ar/pmb/images/libros/L128940.jpg</a> |
| Link text | Imagen de portada |
| Electronic format type | image/jpeg |
| 942 ## - ADDED ENTRY ELEMENTS (KOHA) | |
| Koha item type | |
| Withdrawn status | Lost status | Damaged status | Not for loan | Home library | Current library | Shelving location | Date acquired | Total checkouts | Full call number | Barcode | Date last seen | Price effective from | Koha item type | Public note |
|---|---|---|---|---|---|---|---|---|---|---|---|---|---|---|
| Biblioteca Prof. Eusebio Cleto del Rey | Biblioteca Prof. Eusebio Cleto del Rey | 07/04/2026 | 330.101.541 A634a | L86909 | 07/04/2026 | 07/04/2026 | Libro | |||||||
| Biblioteca Prof. Eusebio Cleto del Rey | Biblioteca Prof. Eusebio Cleto del Rey | 07/04/2026 | 330.101.541 A634a | L86911 | 07/04/2026 | 07/04/2026 | Libro | |||||||
| Biblioteca Prof. Eusebio Cleto del Rey | Biblioteca Prof. Eusebio Cleto del Rey | 07/04/2026 | 330.101.541 A634a | L86912 | 07/04/2026 | 07/04/2026 | Libro | |||||||
| Biblioteca Prof. Eusebio Cleto del Rey | Biblioteca Prof. Eusebio Cleto del Rey | 07/04/2026 | 330.101.541 A634a | L86913 | 07/04/2026 | 07/04/2026 | Libro | |||||||
| Biblioteca Prof. Eusebio Cleto del Rey | Biblioteca Prof. Eusebio Cleto del Rey | 07/04/2026 | 330.101.541 A634a | L87157 | 07/04/2026 | 07/04/2026 | Libro | |||||||
| Biblioteca Prof. Eusebio Cleto del Rey | Biblioteca Prof. Eusebio Cleto del Rey | 07/04/2026 | 330.101.541 A634a | L86910 | 07/04/2026 | 07/04/2026 | Libro | LÁPIZ - MANCHADO - TAPA ROTA | ||||||
| Biblioteca Prof. Eusebio Cleto del Rey | Biblioteca Prof. Eusebio Cleto del Rey | 07/04/2026 | 330.101.541 A634a | L128940 | 07/04/2026 | 07/04/2026 | Libro |